| 000 | 00810cam a2200205 4500 | ||
|---|---|---|---|
| 001 | WS109688 | ||
| 008 | 000000n 000 0 eng u | ||
| 035 | _a(Sirsi) u109688 | ||
| 110 |
_aInternational Facility Management Association _93976 |
||
| 245 | _aInternational Facility Management Association | ||
| 520 | _aOrganisational web site which includes its code of ethics, links to other organisations codes and regulations, a glossary of terms and acronyms and details of their distance learning programs. | ||
| 650 | _aCODE OF ETHICS | ||
| 650 | _aREGULATIONS | ||
| 650 | _aGLOSSARY | ||
| 650 | _aCAREERS, EDUCATION AND TRAINING | ||
| 650 | _aORGANISATION | ||
| 690 |
_aFACILITIES MANAGEMENT _96240 |
||
| 856 | 4 | 0 |
_uhttps://www.ifma.org _zView the website free of charge at www.ifma.org... |
| 942 | _n0 | ||
| 999 |
_c119725 _d119725 |
||